LEADER 01691nam 2200553 450 001 9910454241903321 005 20200520144314.0 010 $a1-4698-7778-3 035 $a(CKB)1000000000753596 035 $a(SSID)ssj0000353512 035 $a(PQKBManifestationID)11263217 035 $a(PQKBTitleCode)TC0000353512 035 $a(PQKBWorkID)10288810 035 $a(PQKB)10283867 035 $a(MiAaPQ)EBC3418738 035 $a(Au-PeEL)EBL3418738 035 $a(CaPaEBR)ebr10865300 035 $a(CaONFJC)MIL72779 035 $a(OCoLC)54377596 035 $a(EXLCZ)991000000000753596 100 $a20140506h20002000 uy 0 101 0 $aeng 135 $aurcnu|||||||| 181 $ctxt 182 $cc 183 $acr 200 00$aPediatric and adolescent gynecology /$feditors, Sue Ellen Koehler Carpenter, John A. Rock 205 $aSecond edition. 210 1$aPhiladelphia, Pennsylvania :$cLippincott Williams & Wilkins,$d2000. 210 4$d©2000 215 $a1 online resource (548 pages) $cillustrations (some color) 300 $aBibliographic Level Mode of Issuance: Monograph 311 $a0-7817-1781-7 320 $aIncludes bibliographical references and index. 606 $aPediatric gynecology 606 $aAdolescent medicine 608 $aElectronic books. 615 0$aPediatric gynecology. 615 0$aAdolescent medicine. 676 $a618.92/098 702 $aCarpenter$b Sue Ellen Koehler 702 $aRock$b John A. 801 0$bMiAaPQ 801 1$bMiAaPQ 801 2$bMiAaPQ 906 $aBOOK 912 $a9910454241903321 996 $aPediatric and adolescent gynecology$92268203 997 $aUNINA LEADER 01352nam a2200289 i 4500 001 991003083069707536 008 071203s2001 it c b 111 0 ita d 020 $a8849500459 035 $ab13626759-39ule_inst 040 $aDip.to Studi Giuridici$bita 110 2 $aAccademia romanistica costantiniana$0240708 245 10$aAtti dell'Accademia romanistica costantiniana :$bXIII. Convegno internazionale in memoria di André Chastagnol /$c[a cura di G. Crifò, S. Giglio] 260 $aNapoli :$bEdizioni scientifiche italiane,$c2001 300 $a861 p. :$bport. ;$c24 cm 440 0$aPubblicazioni della Facoltà di giurisprudenza / Università di Perugia ; [poi] Università degli studi di Perugia 504 $aInclude riferimenti bibliografici e indice 600 14$aChastagnol, André 650 04$aDiritto romano$vCongressi 700 1 $aCrifò, Giuliano,$d1934- 700 1 $aGiglio, Stefano 711 2 $aConvegno internazionale dell'Accademia romanistica Costantiniana$n<13 :$d2001 :$cPerugia> 907 $a.b13626759$b02-04-14$c03-12-07 912 $a991003083069707536 945 $aLE027 R-XXII 1 (xiii)$g1$i2027000137725$lle027$o-$pE56.81$q-$rl$s- $t0$u0$v0$w0$x0$y.i14624825$z03-12-07 996 $aAtti dell'Accademia romanistica costantiniana$9243398 997 $aUNISALENTO 998 $ale027$b03-12-07$cm$da $e-$fita$git $h0$i0